| 000 | 00550nam a2200217 a 4500 | ||
|---|---|---|---|
| 001 | BRCA_6462 | ||
| 005 | 20190320205450.0 | ||
| 008 | 100311s1916----gw-#######---o000-0#ger-# | ||
| 041 | _ager | ||
| 044 | _agw | ||
| 050 | 4 |
_aPT6242 _b.H58 _c1916 |
|
| 100 | 1 |
_aThoma, Ludwig _d1867-1921 _96159 |
|
| 245 | 1 | 0 |
_aDas Kaelbchen _cLudwig Thoma |
| 260 |
_aMúnich _bA. Langen _c1916 |
||
| 300 |
_a207 p. _c18 cm. |
||
| 500 | _aCon firma de Franz Mayer Edición | ||
| 500 | _aI136 | ||
| 600 | 1 | 4 |
_aLiteratura Alemana _916140 |
| 902 | _aGFM | ||
| 942 |
_2lcc _cB |
||
| 999 |
_c6146 _d6146 |
||